00563nam a2200205 a 4500001001300000003000900013005001700022008004100039020001000080082001700090100001800107245003700125260003600162300000900198500003500207505004300242650003300285650002100318700001800339nice12345678IN_TiNIC20260116013039.0050524s1992 newa grp 000 0 eng  ac20000a294.561bGOD aGodman, David aTeachings of Sri Ramana Maharshi aNew DelhibPenguin Books c1992 a244p aincludes index and biblioraphy2 aGlossary, , Notes, Bibliography, Index aHindu Saints-Ramana Maharshi aPhilosophy-Hindu1 aGodman, David